000 00530nam a22001817a 4500
005 20251108164758.0
008 250721s1981 xx 000 0 ara d
082 1 4 _a811.9565/محم
100 1 _aمحمود، حيدر
245 1 0 _aشجر الدفلى على النهر يغني /
264 1 _aعمان :
_bوزارة الثقافة و الشباب،
_c1981.
300 _a128ص.
650 1 7 _aالشعر العربي
650 1 7 _aالعصر الحديث
650 1 7 _aالأردن
942 _2ddc
_cBK
999 _c14155
_d14155